| 000 | 00471nam a2200169Ia 4500 | ||
|---|---|---|---|
| 008 | 191127s9999 xx 000 0 und d | ||
| 100 | _aDrevitch, Gary | ||
| 245 | 4 | _aThe Annals of self experimentation/ | |
| 245 | _cGary Drevitch | ||
| 260 | _bSussex Publisher | ||
| 260 | _c2019 | ||
| 300 | _aPages 32-34, March/April 2019 | ||
| 440 |
_aPsychology Today: Silence your inner critic _v52: 2 |
||
| 650 | _aBooks | ||
| 650 | _adigital minimalism | ||
| 650 | _areading | ||
| 999 |
_c362722 _d362722 |
||